Statistics for Investment and Business Quotes

Click here to take the quiz!

General Stats

  • This quiz has been taken 273 times
  • The average score is 7 of 21

Answer Stats

Quote% Correct
Buy low, {sell} {high}
95%
Don't put all of your eggs in one {basket}
91%
The only things certain in life are death and {taxes}
69%
The most important things in real estate are {location}, {location}, {location}
56%
Cash is {king}
53%
The most powerful force in the universe is {compound} interest
44%
A {nickel} ain't worth a dime anymore
36%
The trend is your {friend}
34%
A rising tide lifts all {boats}
31%
Buy when there's {blood} in the streets
31%
You only find out who is swimming {naked} when the tide goes out
25%
Never try to catch a falling {knife}
22%
Pigs get fat, hogs get {slaughtered}
22%
Buy {land}, they're not making it anymore
21%
Buy the rumor, sell the {news}
21%
Be {greedy} when others are fearful
20%
The four most expensive words in the English language are "this time it's {different}" 
17%
Nobody ever went broke {underestimating} the intelligence of the American public
12%
Sell in May and {go} {away}
11%
Nobody ever {got} {fired} for buying IBM
10%
Don't pick up pennies in front of a {steamroller}
6%

Score Distribution

Percentile by Number Answered

Percent of People with Each Score

Your Score History

You have not taken this quiz